[Event "Paris-ch 94th"]
[Site "Paris"]
[Date "2019.07.07"]
[Round "1"]
[White "Smith, Matthieu"]
[Black "Bergez, Luc"]
[Result "0-1"]
[WhiteElo "2208"]
[BlackElo "2308"]
[PlyCount "80"]
[EventDate "2019.07.07"]
[EventType "swiss"]
[EventRounds "9"]
[EventCountry "FRA"]
[SourceTitle "CBM 191 Extra"]
[Source "ChessBase"]
[SourceDate "2019.09.30"]
[SourceVersion "1"]
[SourceVersionDate "2019.09.30"]
[SourceQuality "1"]

1. d4 Nf6 2. Nf3 g6 3. g3 Bg7 4. Bg2 0-0 5. 0-0 d6 6. b3 Nc6 7. Bb2 e5 8. dxe5 Ng4 9. c4 Bd7 10. Nc3 dxe5 11. h3 Nh6 12. Nd5 Nf5 13. Ne1 Ncd4 14. Nc2 c6 15. Nde3 Qc8 16. Nxf5 Nxf5 17. e4 Nh6 18. Kh2 f5 19. exf5 Nxf5 20. Qd2 Qc7 21. Rae1 Rad8 22. Qc1 Nd4 23. Nxd4 exd4 24. c5 Bf5 25. Qc4+ Qf7 26. Qxf7+ Rxf7 27. Be4 d3 28. Bxf5 Rxf5 29. Bxg7 Kxg7 30. b4 d2 31. Rd1 Rf3 32. Kg2 Ra3 33. Ra1 a5 34. bxa5 Rxa5 35. Rfd1 Rxc5 36. Rab1 Rc2 37. Rxb7+ Kf6 38. Kf1 c5 39. a4 c4 40. a5 c3 0-1

[Event "ESP-chT CECLUB Div1"]
[Site "Linares"]
[Date "2018.08.06"]
[Round "1.4"]
[White "Bressac, Stephane"]
[Black "Bergez, Luc"]
[Result "0-1"]
[WhiteElo "2341"]
[BlackElo "2327"]
[PlyCount "120"]
[EventDate "2018.08.06"]
[EventType "team-tourn"]
[EventRounds "7"]
[EventCountry "ESP"]
[SourceTitle "CBM 185 Extra"]
[Source "ChessBase"]
[SourceDate "2018.07.29"]
[SourceVersion "1"]
[SourceVersionDate "2018.07.29"]
[SourceQuality "1"]
[WhiteTeam "Santa Lucia Grandama"]
[BlackTeam "Barbera"]
[WhiteTeamCountry "ESP"]
[BlackTeamCountry "ESP"]

1. e4 c6 2. d4 d5 3. Nd2 dxe4 4. Nxe4 Nf6 5. Nxf6+ exf6 6. c3 Bd6 7. Bd3 0-0 8. Qc2 Re8+ 9. Ne2 h6 10. 0-0 Qc7 11. Ng3 Nd7 12. f4 c5 13. d5 c4 14. Bh7+ Kh8 15. Kh1 Nc5 16. Ne4 f5 17. Nxd6 Qxd6 18. Bxf5 Qxd5 19. Bxc8 Raxc8 20. f5 Re4 21. Qd1 Qxd1 22. Rxd1 Nd3 23. Rf1 Re2 24. Rb1 Rce8 25. Kg1 Rc2 26. Bf4 Ree2 27. Bb8 Rxg2+ 28. Kh1 Rge2 29. b3 Nf2+ 30. Kg1 Nh3+ 31. Kh1 Nf2+ 32. Kg1 Ne4 33. Rbe1 Nxc3 34. bxc4 Rxa2 35. Rxe2 Nxe2+ 36. Kf2 Nd4+ 37. Ke3 Nc6 38. Bg3 a5 39. Rb1 Ra4 40. Rxb7 Rxc4 41. Rxf7 Kg8 42. Rc7 a4 43. Rc8+ Kf7 44. Bd6 Kf6 45. Rf8+ Kg5 46. Rf7 a3 47. Rxg7+ Kxf5 48. Rg1 Re4+ 49. Kf2 a2 50. Bf8 Ra4 51. Bg7 Na5 52. h4 Nb3 53. h5 Ra6 54. Rg3 a1Q 55. Bxa1 Nxa1 56. Rc3 Kg4 57. Rc5 Rf6+ 58. Kg2 Nb3 59. Rd5 Rf5 60. Rd6 Kxh5 0-1

[Event "Barcelona Sants op 19th"]
[Site "Barcelona"]
[Date "2017.08.24"]
[Round "7"]
[White "Rios, Cristhian Camilo"]
[Black "Bergez, Luc"]
[Result "1/2-1/2"]
[WhiteElo "2475"]
[BlackElo "2316"]
[PlyCount "51"]
[EventDate "2017.08.18"]
[EventType "swiss"]
[EventRounds "10"]
[EventCountry "ESP"]
[SourceTitle "CBM 180 Extra"]
[Source "ChessBase"]
[SourceDate "2017.10.06"]
[SourceVersion "1"]
[SourceVersionDate "2017.10.06"]
[SourceQuality "1"]

1. d4 Nf6 2. c4 c6 3. Nc3 d5 4. Nf3 e6 5. Qb3 dxc4 6. Qxc4 b5 7. Qd3 Be7 8. g3 Bb7 9. Bg2 Nbd7 10. 0-0 0-0 11. Ng5 a6 12. Nce4 h6 13. Nxf6+ Nxf6 14. Ne4 Nxe4 15. Bxe4 Bf6 16. Rd1 e5 17. Qf3 exd4 18. Qf5 g6 19. Qf3 Bg7 20. e3 Qf6 21. Qxf6 Bxf6 22. exd4 Rad8 23. Be3 Rfe8 24. Bf3 Kg7 25. Rac1 Re6 26. b3 1/2-1/2

[Event "Paris-ch 92nd"]
[Site "Paris"]
[Date "2017.07.19"]
[Round "6"]
[White "Bergez, Luc"]
[Black "Kambrath, Yannick"]
[Result "0-1"]
[WhiteElo "2318"]
[BlackElo "2312"]
[PlyCount "31"]
[EventDate "2017.07.14"]
[EventType "swiss"]
[EventRounds "9"]
[EventCountry "FRA"]
[SourceTitle "EXT 2018"]
[Source "ChessBase"]
[SourceDate "2017.10.13"]
[SourceVersion "1"]
[SourceVersionDate "2017.10.13"]
[SourceQuality "1"]

1. e4 c5 2. Nf3 d6 3. Bb5+ Nd7 4. 0-0 a6 5. Bd3 Ngf6 6. c3 b5 7. Bc2 Bb7 8. Re1 e5 9. d4 Be7 10. d5 c4 11. h3 0-0 12. Be3 Qc7 13. Nbd2 Nc5 14. Nh4 g6 15. Bh6 Rfb8 16. Ndf3 0-1

[Event "Barcelona Sants op-A18th"]
[Site "Barcelona"]
[Date "2016.08.19"]
[Round "1"]
[White "Bergez, Luc"]
[Black "Torres Novalbos, David"]
[Result "1-0"]
[WhiteElo "2344"]
[BlackElo "2011"]
[PlyCount "65"]
[EventDate "2016.08.19"]
[EventType "swiss"]
[EventRounds "10"]
[EventCountry "ESP"]
[SourceTitle "CBM 174 Extra"]
[Source "ChessBase"]
[SourceDate "2016.10.10"]
[SourceVersion "1"]
[SourceVersionDate "2016.10.10"]
[SourceQuality "1"]

1. e4 d5 2. exd5 Qxd5 3. Nc3 Qd6 4. d4 Nf6 5. Nf3 c6 6. g3 Bg4 7. Bg2 e6 8. 0-0 Be7 9. a3 0-0 10. Bf4 Qd8 11. h3 Bh5 12. g4 Bg6 13. Ne5 Nbd7 14. Nxg6 hxg6 15. Qe2 Nb6 16. Be5 Nbd5 17. Na2 Bd6 18. f4 Ne8 19. c4 Ne7 20. Nc3 Qd7 21. Rad1 Bc7 22. Kh1 Bxe5 23. dxe5 Qc7 24. Ne4 c5 25. Qf2 Rc8 26. Ng5 f6 27. Nxe6 Qb6 28. Nxf8 Kxf8 29. Rd7 Rc7 30. Rfd1 Nc6 31. Qh4 Rxd7 32. Rxd7 Kg8 33. Bd5+ 1-0

[Event "Miquel Mas op 17th"]
[Site "Castell de Sant Ferran"]
[Date "2016.08.17"]
[Round "8"]
[White "Cardenas Serrano, Sergio"]
[Black "Bergez, Luc"]
[Result "1/2-1/2"]
[WhiteElo "2071"]
[BlackElo "2344"]
[PlyCount "99"]
[EventDate "2016.08.11"]
[EventType "swiss"]
[EventRounds "9"]
[EventCountry "ESP"]
[SourceTitle "CBM 173 Extra"]
[Source "ChessBase"]
[SourceDate "2016.08.29"]
[SourceVersion "1"]
[SourceVersionDate "2016.08.29"]
[SourceQuality "1"]

1. e4 d5 2. exd5 Nf6 3. c4 e6 4. Nc3 exd5 5. d4 Bb4 6. Nf3 0-0 7. Be2 dxc4 8. 0-0 Bxc3 9. bxc3 Be6 10. Ne5 b5 11. a4 c6 12. Bg5 Bd5 13. Bf3 a6 14. axb5 cxb5 15. Bxf6 gxf6 16. Ng4 Kh8 17. Nxf6 Qxf6 18. Bxd5 Ra7 19. Re1 Re7 20. Rxe7 Qxe7 21. g3 Qf6 22. Qh5 b4 23. Be4 Qg7 24. Ra5 f6 25. cxb4 Qe7 26. f3 Nc6 27. Bxc6 Qe1+ 28. Kg2 Qe2+ 29. Kh3 Qe6+ 30. Qf5 Qxc6 31. Rc5 Qe8 32. d5 Qe5 33. Qxe5 fxe5 34. Rxc4 Rxf3 35. Re4 Rd3 36. Rxe5 Rd4 37. Re6 Rxb4 38. Rxa6 Rd4 39. Rd6 Kg7 40. g4 h6 41. Kh4 Rd2 42. Kg3 Rd3+ 43. Kf2 Rd2+ 44. Kg3 Rd3+ 45. Kh4 Rd2 46. h3 Rd3 47. Rd7+ Kf6 48. Rd6+ Kg7 49. Rd7+ Kf6 50. Rd6+ 1/2-1/2

[Event "Miquel Mas op 17th"]
[Site "Castell de Sant Ferran"]
[Date "2016.08.16"]
[Round "7"]
[White "Bergez, Luc"]
[Black "Taylor, William J"]
[Result "0-1"]
[WhiteElo "2344"]
[BlackElo "1993"]
[PlyCount "52"]
[EventDate "2016.08.11"]
[EventType "swiss"]
[EventRounds "9"]
[EventCountry "ESP"]
[SourceTitle "CBM 173 Extra"]
[Source "ChessBase"]
[SourceDate "2016.08.29"]
[SourceVersion "1"]
[SourceVersionDate "2016.08.29"]
[SourceQuality "1"]

1. e4 e5 2. Nf3 Nc6 3. Bc4 Bc5 4. 0-0 Nf6 5. d4 Bxd4 6. Nxd4 Nxd4 7. Bg5 h6 8. Bh4 Qe7 9. f4 Qc5 10. fxe5 Nf3+ 11. Kh1 Nxh4 12. exf6 Qxc4 13. Na3 Qc5 14. Qe1 g5 15. Rf5 Nxf5 16. exf5+ Kd8 17. b4 Qd6 18. Qc3 Re8 19. Nc4 Qd5 20. Re1 Re4 21. Ne5 d6 22. Nxf7+ Ke8 23. Nh8 Bxf5 24. Rf1 Kd7 25. f7 Qe5 26. Qxe5 Rxe5 0-1

[Event "Miquel Mas op 17th"]
[Site "Castell de Sant Ferran"]
[Date "2016.08.13"]
[Round "3"]
[White "Bergez, Luc"]
[Black "Vilalta Vidal, Javier"]
[Result "1-0"]
[WhiteElo "2344"]
[BlackElo "2003"]
[PlyCount "53"]
[EventDate "2016.08.11"]
[EventType "swiss"]
[EventRounds "9"]
[EventCountry "ESP"]
[SourceTitle "CBM 173 Extra"]
[Source "ChessBase"]
[SourceDate "2016.08.29"]
[SourceVersion "1"]
[SourceVersionDate "2016.08.29"]
[SourceQuality "1"]

1. e4 c5 2. Nf3 d6 3. d4 cxd4 4. Nxd4 Nf6 5. Nc3 Nc6 6. Bg5 e6 7. Qd2 a6 8. f4 Bd7 9. 0-0-0 b5 10. Bxf6 gxf6 11. Kb1 Qb6 12. Nce2 Qa5 13. Qe3 Nb4 14. Nc3 Rc8 15. Be2 h5 16. Rhf1 Bh6 17. Nb3 Qc7 18. Qd4 a5 19. Qxf6 Rh7 20. Bxh5 a4 21. Nd4 a3 22. f5 e5 23. Ne6 Qc4 24. Be2 Nd3 25. Rxd3 Qb4 26. b3 Bd2 27. Nd5 1-0

[Event "Paris-ch 91st"]
[Site "Paris"]
[Date "2016.07.16"]
[Round "8"]
[White "Gahan, MG."]
[Black "Bergez, Luc"]
[Result "0-1"]
[WhiteElo "2249"]
[BlackElo "2341"]
[PlyCount "112"]
[EventDate "2016.07.09"]
[EventType "swiss"]
[EventRounds "9"]
[EventCountry "FRA"]
[SourceTitle "CBM 173 Extra"]
[Source "ChessBase"]
[SourceDate "2016.08.29"]
[SourceVersion "1"]
[SourceVersionDate "2016.08.29"]
[SourceQuality "1"]

1. e4 c6 2. d4 d5 3. f3 dxe4 4. fxe4 e5 5. Nf3 exd4 6. Bc4 Nd7 7. 0-0 Ngf6 8. Kh1 Bd6 9. Qxd4 Qe7 10. Bg5 Ne5 11. Bxf6 gxf6 12. Nbd2 Bg4 13. Qf2 0-0-0 14. Bb3 Kb8 15. Qh4 Nxf3 16. gxf3 Bc7 17. Nc4 Be6 18. Rad1 Qc5 19. Rxd8+ Rxd8 20. Qf2 Qxf2 21. Rxf2 Bf4 22. Kg2 Kc7 23. Kf1 Rd1+ 24. Ke2 Rh1 25. Ne3 Rxh2 26. Ng4 Rh1 27. Nxf6 Be5 28. Ng4 Bxb2 29. Rg2 a5 30. Nf2 Ra1 31. Nd3 Bd4 32. Nf4 Bxb3 33. axb3 b5 34. Rh2 a4 35. bxa4 bxa4 36. Rxh7 Kb6 37. c3 a3 38. cxd4 a2 39. Rh8 Re1+ 40. Kxe1 a1Q+ 41. Ke2 Qxd4 42. Rb8+ Ka5 43. Ra8+ Kb5 44. Nd3 c5 45. Rb8+ Ka4 46. Ra8+ Kb3 47. Rb8+ Kc2 48. Ne1+ Kc3 49. Rf8 Qd2+ 50. Kf1 Qd7 51. Rh8 Kd2 52. Rh2+ Kd1 53. Ra2 Qh3+ 54. Rg2 c4 55. e5 Qh1+ 56. Rg1 Qxg1+ 0-1